Aile politikaları (Record no. 1310)

MARC details
000 -BAŞLIK
Sabit Uzunlukta Kontrol Alanı 00789na a2200241 4500
001 - KONTROL NUMARASI
Denetim Alanı 13775
003 - KONTROL NUMARASI IDENTIFIER
Denetim Alanı MIRAKIL
005 - SON İŞLEM TARİHİ VE ZAMANI
Denetim Alanı 20181213154819.0
008 - SABİT-BOY VERİ ELEMANLARI - GENEL BİLGİLER
Sabit Uzunlukta Kontrol Alanı 160918b tu 000 0
020 ## - ULUSLARARASI STANDART KİTAP NUMARASI
Uluslararası Standart Kitap Numarası 9751904676
035 ## - SİSTEM KONTROL NUMARASI
Sistem Kontrol Numarası 13775
040 ## - KATALOGLAMA KAYNAK
Orijinal Kataloglama Ajansı Milas
Kataloglama Dili tur
Metne Dönüştürmek Ajansı TR-AnCHP
082 ## - DEWEY ONLU SINIFLANDIRMA NUMARASI
Sınıflandırma Numarası 306.85
Ürün Numarası A54 1991
090 ## - SINIFLAMA NUMARASI
Sınıflama Numarası 306.85 A54 1991
245 ## - BAŞLIK TABLOSU
Başlık Aile politikaları
Başlığın Kalan karşılaştırmalı ülkeler panoraması
Sorumluluk Tablosu, Vb Başbakanlık Aile Araştırma Kurumu Başkanlığı
260 ## - YAYIN, DAĞITIM, VB
Yayın, Dağıtım, Vb Yeri Ankara
Yayıncı, Dağıtıcı, Vs Adı Aile Araştırma Kurumu Başkanlığı Yayınları
Yayın, Dağıtım, Vb Tarihi 1991
300 ## - FİZİKSEL TANIM
Kapsam ix, 354 s.
Diğer Fiziksel Ayrıntıları tbl. ; grf.
Boyutlar 28 sm.
490 ## - SERİSİ TABLOSU
Seri Beyanı Bilim serisi
490 ## - SERİSİ TABLOSU
Seri Beyanı Aile Araştırma Kurumu Başkanlığı Yayınları
Hacim / Ardışık Tanımı 70
650 ## - KONU KATMA GİRİŞ - TOPİKAL DÖNEM
Topikal Süreli Veya Coğrafi Ad Giriş Elemanı Aile politikası
650 ## - KONU KATMA GİRİŞ - TOPİKAL DÖNEM
Topikal Süreli Veya Coğrafi Ad Giriş Elemanı Aile
Coğrafi Alt Bölümü Sosyal araştırmalar
942 ## - EKLENDİ GİRİŞ ELEMANLARI (KOHA)
Sınıflandırma Veya Raf Düzeni Kaynak Dewey Decimal Classification
Koha Öğesi Türü Books
999 ## - SİSTEM KONTROL NUMARALARI (KOHA)
Koha Biblionumber 1310
Koha Biblioitemnumber 1310
Holdings
Kalıcı Konum Mevcut Konum Edinme Tarihi Edinim Kaynak Toplam Check-Out'Lar Tam Çağrı Numarası Barkod Tarih Son Görülme İtibaren Geçerli Fiyatlar Koha Öğesi Türü
CHP Kütüphanesi CHP Kütüphanesi 08/16/2016 Bağış   306.85 A54 1991 001296 08/16/2016 08/16/2016 Books